00365nam a22001337a 450000500170000000800410001704100130005808200130007110000130008424500310009726000460012830000310017465000260020520240712091423.0240712b |||||||| |||| 00| 0 eng d aEnglish  a349 SOU  lEnglish  aSouth African Law Reports  aCape Town:bJuta and Company Ltd, c1947  bxvii, 836 pages; c25 cm.  aLegal practice bLaw